Catalog

Record Details

Catalog Search



Písmo  Cover Image Book Book

Písmo / David Mathew ; Přeložili: Kateřina Helisová a Kamila Marešová

Matthew, David (Author).

Record details

  • Physical Description: 231 s.
  • Edition: 1. vyd.
  • Publisher: Liberec Misijní škola M. L. Zinzendorfa 1991

Available copies

  • 1 of 1 copy available at Common Catalog SPOK.

Holds

  • 0 current holds with 1 total copy.
Show All Copies
Location Call Number / Copy Notes Barcode Shelving Location Status Due Date
ETS Library 220.61 424470008476 Volný výběr Available -

LDR 00712nam a2 00253
00133494
003CZ-PrJAB
00520040312000000.0
008001204s1991 xr e |||| |cze
009cz
035 . ‡a(CONS)7070
035 . ‡aKPS7756
040 . ‡aABG450
041 . ‡acze
08214. ‡a220.61
100 . ‡72094 ‡aMatthew, David
245 . ‡aPísmo / ‡cDavid Mathew ; Přeložili: Kateřina Helisová a Kamila Marešová
250 . ‡a1. vyd.
260 . ‡aLiberec ‡bMisijní škola M. L. Zinzendorfa ‡c1991
300 . ‡a231 s.
490 . ‡aModulární tréninkový program Covenant college
653 . ‡aPísmo
8524 . ‡bETS ‡bETS ‡cVolný výběr ‡j220.61 ‡gA ‡p424470008476
910 . ‡aABG450
999 . ‡a7070 ‡bAUTOGEN ‡c7070 ‡tbiblio
905 . ‡uadmin
901 . ‡a33494 ‡b ‡c33494 ‡tbiblio ‡sets

Additional Resources